000 00634nam a22001937a 4500
005 20251108164707.0
008 250721s2008 xx 000 0 ara d
082 1 4 _aط/649.5/يان
100 1 _aيانغ، كارولين
245 1 0 _aتسلية الأطفال الصغار و توعيتهم /
264 1 _a[يروت :
_bأكاديميا إنترناشيونال،
_c2008.
300 _a127ص.
650 1 7 _aالعاب الاطفال
650 1 7 _aالاطفال
653 _aاطفال مرحله متوسطه (6-9) سنوات
700 1 _aمنسى، إيلين نور
_eمترجم
942 _2ddc
_cBK
999 _c12012
_d12012